[Event "14th EUR-ch"]
[Site "Minsk BLR"]
[Date "2017.06.01"]
[Round "3.99"]
[White "Kunin, Vitaly"]
[Black "Murzin, Volodar"]
[Result "1-0"]
[WhiteElo "2551"]
[BlackElo "2315"]
[EventDate "2017.05.30"]
[PlyCount "175"]

1.e4 c5 2.Nf3 d6 3.c3 Nf6 4.Bd3 Nc6 5.Bc2 g6 6.h3 Bg7 7.O-O O-O 8.d4 cxd4 
9.cxd4 e5 10.Re1 exd4 11.Nxd4 Nxd4 12.Qxd4 Re8 13.Qd1 d5 14.e5 Ne4 15.Bxe4
dxe4 16.Qxd8 Rxd8 17.Bf4 e3 18.f3 Rd4 19.Bxe3 Bxe5 20.Bf2 Bf6 21.Re8+ Kg7 
22.Nc3 Rd8 23.Rxd8 Bxd8 24.Bd4+ Kf8 25.Bc5+ Kg7 26.Bd4+ Kf8 27.Bc5+ Kg7 
28.Rd1 Bh4 29.Nd5 Bf5 30.g4 Bc2 31.Bd4+ Kg8 32.Rd2 Ba4 33.Bf6 Bxf6 34.
Nxf6+ Kg7 35.g5 Bc6 36.Kf2 h6 37.h4 a6 38.a3 a5 39.Ke3 a4 40.f4 Rh8 41.Rd4
Bb5 42.Rb4 Bc6 43.Rd4 Bb5 44.Ke4 hxg5 45.hxg5 Rc8 46.Ke5 Kf8 47.Rd5 Bc6 
48.Rd2 Ke7 49.Rd4 Ra8 50.Nd5+ Kf8 51.Nb6 Ra6 52.Rb4 Ke7 53.Nd5+ Kd7 54.
Nb6+ Ke7 55.Nc4 Ra8 56.Kd4 Rd8+ 57.Ke3 b5 58.Ne5 Be8 59.Re4 Kf8 60.Ng4 Bc6
61.Re5 Bd5 62.Nf6 Bc4 63.Kf3 Rd3+ 64.Ke4 Rd8 65.Rc5 Bd3+ 66.Ke5 Bc4 67.Rc7
Kg7 68.Rd7 Rc8 69.Kd6 Kf8 70.Rb7 Kg7 71.Kd7 Be6+ 72.Ke7 Bc4 73.Ne8+ Kg8 
74.Nf6+ Kh8 75.Rd7 Kg7 76.Rd8 Rxd8 77.Kxd8 Kf8 78.Nd7+ Kg7 79.Ke7 Be6 80.
Nf6 Bc4 81.Ne8+ Kg8 82.Nd6 Kg7 83.Nxc4 bxc4 84.Kd6 Kf8 85.Kd5 Ke7 86.Kxc4 
Ke6 87.b3 Kf5 88.bxa4 1-0

[Event "14th EUR-ch"]
[Site "Minsk BLR"]
[Date "2017.06.01"]
[Round "3.100"]
[White "Buksa, Nataliya"]
[Black "Forcen Esteban, Daniel"]
[Result "1/2-1/2"]
[WhiteElo "2344"]
[BlackElo "2545"]
[EventDate "2017.05.30"]
[PlyCount "119"]

1.e4 c5 2.Nf3 d6 3.d4 cxd4 4.Nxd4 Nf6 5.Nc3 a6 6.Be2 e6 7.O-O Be7 8.Be3 
O-O 9.f4 Nc6 10.Kh1 Bd7 11.Qe1 Nxd4 12.Bxd4 Bc6 13.Qg3 b5 14.a3 Qc7 15.
Rae1 Rad8 16.Bd3 Nh5 17.Qh3 g6 18.f5 e5 19.Be3 Qb7 20.Bh6 Rfe8 21.g4 Nf4 
22.Bxf4 exf4 23.Rxf4 Bg5 24.Rf2 d5 25.Rfe2 dxe4 26.Nxe4 Rd4 27.Qf3 Kh8 28.
Kg1 Bh4 29.fxg6 Qa7 30.gxf7 Rdxe4+ 31.Re3 Rf8 32.Bxe4 Rxf7 33.Qxf7 Qxf7 
34.R1e2 Bxe4 35.Rxe4 Qf3 36.Re8+ Kg7 37.c3 Kf7 38.R8e3 Qxg4+ 39.Kh1 h5 40.
h3 Qf5 41.Kg2 Qd5+ 42.Kh2 a5 43.Re4 Qd6+ 44.Kg1 Qg3+ 45.Rg2 Qxh3 46.Rh2 
Qf5 47.Rhxh4 Qg5+ 48.Kf2 Qc1 49.Re2 Kg6 50.Rhe4 Qh1 51.Kg3 Qg1+ 52.Rg2 Qh1
53.Rh4 Qe1+ 54.Kh2+ Kh6 55.Rd4 Qe5+ 56.Kh3 Qe6+ 57.Kg3 Qe3+ 58.Kh2 Qe5+ 
59.Kh3 Qe6+ 60.Kh2 1/2-1/2

[Event "14th EUR-ch"]
[Site "Minsk BLR"]
[Date "2017.06.02"]
[Round "4.1"]
[White "Fridman, Daniel"]
[Black "Rodshtein, Maxim"]
[Result "1/2-1/2"]
[WhiteElo "2605"]
[BlackElo "2698"]
[EventDate "2017.05.30"]
[PlyCount "21"]

1.Nf3 Nf6 2.c4 c5 3.Nc3 Nc6 4.g3 d5 5.d4 e6 6.cxd5 Nxd5 7.Bg2 Be7 8.O-O 
O-O 9.Nxd5 exd5 10.dxc5 Bxc5 11.a3 1/2-1/2

[Event "14th EUR-ch"]
[Site "Minsk BLR"]
[Date "2017.06.02"]
[Round "4.2"]
[White "Azarov, Sergei"]
[Black "Fedoseev, Vladimir"]
[Result "1/2-1/2"]
[WhiteElo "2582"]
[BlackElo "2690"]
[EventDate "2017.05.30"]
[PlyCount "130"]

1.e4 c5 2.Nf3 d6 3.d4 cxd4 4.Nxd4 Nf6 5.Nc3 a6 6.Bg5 Nbd7 7.f4 Qc7 8.Be2 
e6 9.O-O Be7 10.Kh1 b5 11.Bf3 Bb7 12.Bxf6 Nxf6 13.e5 dxe5 14.fxe5 Nd7 15.
Bxb7 Qxb7 16.Qg4 b4 17.Qxg7 Rf8 18.Nce2 Qe4 19.Rf4 Qg6 20.Qxg6 hxg6 21.Nf3
a5 22.Rd1 Rc8 23.c4 bxc3 24.Nxc3 Nb6 25.Rfd4 Rh8 26.h3 Kf8 27.Rf1 Kg7 28.
Rf4 Nc4 29.Nd1 Rhf8 30.h4 Rc5 31.Re4 Rfc8 32.g3 Kg8 33.Re2 Rd8 34.b3 Nb6 
35.Nf2 Rdc8 36.Ng4 Kg7 37.Kg2 Nd5 38.Ref2 Rc2 39.Rxc2 Rxc2+ 40.Rf2 Rc3 41.
Kh3 Bd8 42.Ng5 Bxg5 43.hxg5 Ne7 44.Kg2 Nc6 45.Rf4 Rc2+ 46.Kf1 Rc1+ 47.Kg2 
Kf8 48.Rc4 Rxc4 49.bxc4 Nb4 50.a3 Nc2 51.a4 Ke7 52.Kf3 Nd4+ 53.Ke4 Nb3 54.
Nh6 Nc5+ 55.Kd4 Nxa4 56.c5 Nb2 57.c6 a4 58.Nxf7 a3 59.Nd6 a2 60.c7 a1=Q 
61.c8=Q Na4+ 62.Ke4 Qe1+ 63.Kf4 Qf2+ 64.Kg4 Qe2+ 65.Kf4 Qf2+ 1/2-1/2

[Event "14th EUR-ch"]
[Site "Minsk BLR"]
[Date "2017.06.02"]
[Round "4.3"]
[White "Bocharov, Dmitry"]
[Black "Cheparinov, Ivan"]
[Result "1/2-1/2"]
[WhiteElo "2574"]
[BlackElo "2688"]
[EventDate "2017.05.30"]
[PlyCount "153"]

1.Nf3 d5 2.c4 e6 3.b3 d4 4.e3 Nc6 5.exd4 Nxd4 6.Nxd4 Qxd4 7.Nc3 Bc5 8.Qe2 
Qd8 9.Bb2 Bd4 10.g3 Ne7 11.Bg2 c5 12.O-O O-O 13.Na4 Bxb2 14.Nxb2 Qc7 15.f4
Bd7 16.Qf2 Nf5 17.Nd3 Rac8 18.g4 Nd4 19.b4 b6 20.b5 Rcd8 21.Rae1 Bc8 22.
Re3 f6 23.Ne1 Bb7 24.d3 Bxg2 25.Qxg2 Rfe8 26.a4 a6 27.Re4 axb5 28.axb5 f5 
29.Re5 fxg4 30.Qxg4 Nf5 31.Qe2 Qd7 32.Qe4 Nd6 33.Qe2 Nf5 34.Qe4 h6 35.Rf2 
Nd6 36.Qe2 Nf5 37.Qe4 Nd6 38.Qe2 Qf7 39.Nf3 Qg6+ 40.Kh1 Ra8 41.Rf1 Qg4 42.
Re3 Nf5 43.Re4 Qh3 44.Rg1 Ra1 45.Qg2 Qxg2+ 46.Kxg2 Ra2+ 47.Kh3 Rf2 48.Ne5 
Nd6 49.Ree1 Rxf4 50.Rg4 Rf2 51.Rg2 Rf5 52.Nd7 Nc8 53.Ra2 Rf3+ 54.Kg2 Rxd3 
55.Ne5 Rd4 56.Ra6 Kh7 57.Re2 Red8 58.Ra8 Ne7 59.Rxd8 Rxd8 60.Nc6 Nxc6 61.
bxc6 Rd6 62.c7 Rc6 63.Rxe6 Rxc7 64.Rxb6 Rf7 65.Rc6 Rf5 66.Kg3 h5 67.h4 Kg8
68.Rc8+ Kh7 69.Rc6 g6 70.Rc7+ Kh6 71.Rc6 Kg7 72.Rc7+ Kf8 73.Rc6 g5 74.hxg5
Rxg5+ 75.Kh4 Rf5 76.Rc7 Ke8 77.Rh7 1/2-1/2

[Event "14th EUR-ch"]
[Site "Minsk BLR"]
[Date "2017.06.02"]
[Round "4.4"]
[White "Minasian, Artashes"]
[Black "Kuzubov, Yuriy"]
[Result "0-1"]
[WhiteElo "2480"]
[BlackElo "2637"]
[EventDate "2017.05.30"]
[PlyCount "84"]

1.Nf3 d5 2.g3 c5 3.Bg2 Nf6 4.O-O Nc6 5.c4 d4 6.d3 g6 7.e3 Bg7 8.exd4 cxd4 
9.a3 a5 10.Nbd2 O-O 11.Rb1 Bf5 12.Qe2 Rb8 13.h3 Qc8 14.Kh2 b5 15.b3 bxc4 
16.bxc4 Rxb1 17.Nxb1 Nd7 18.Nh4 Be6 19.f4 Nc5 20.Nd2 Bd7 21.Ne4 Nxe4 22.
Qxe4 Re8 23.Bd2 Bf6 24.Rb1 e5 25.Rf1 Nd8 26.fxe5 Bxe5 27.Qd5 Bc6 28.Qxa5 
Nb7 29.Qb6 Bxg2 30.Nxg2 Nc5 31.Rf3 Qa8 32.Ne1 Qxa3 33.Qc6 Re6 34.Qc8+ Kg7 
35.Ng2 Bd6 36.h4 Ne4 37.Bf4 Nf6 38.Bxd6 Qxd6 39.Nf4 Re8 40.Qb7 Rb8 41.Qa7 
Rb2+ 42.Kh1 Qc6 0-1

[Event "14th EUR-ch"]
[Site "Minsk BLR"]
[Date "2017.06.02"]
[Round "4.6"]
[White "Navara, David"]
[Black "Bosiocic, Marin"]
[Result "1/2-1/2"]
[WhiteElo "2739"]
[BlackElo "2603"]
[EventDate "2017.05.30"]
[PlyCount "80"]

1.d4 Nf6 2.c4 e6 3.Nf3 b6 4.g3 Ba6 5.b3 Bb4+ 6.Bd2 Be7 7.Nc3 d5 8.cxd5 
exd5 9.Bg2 Bb7 10.O-O O-O 11.Qc2 Nbd7 12.Rad1 Re8 13.Bc1 c6 14.Bb2 Bd6 15.
Nd2 Bb4 16.Rfe1 Qe7 17.e4 dxe4 18.Ncxe4 Qf8 19.a3 Nxe4 20.axb4 Nxd2 21.
Rxe8 Rxe8 22.Qxd2 Nf6 23.Ra1 Ra8 24.b5 Nd5 25.Qg5 h6 26.Qf5 Qd8 27.bxc6 
Bxc6 28.Ba3 Qg5 29.Qxg5 hxg5 30.Re1 Rd8 31.h4 gxh4 32.gxh4 a5 33.h5 Bb7 
34.Bc1 f6 35.Be4 Bc6 36.Ba3 Ba8 37.Bg6 Nf4 38.Bd6 Nxg6 39.hxg6 Bc6 40.Re6 
Re8 1/2-1/2

[Event "14th EUR-ch"]
[Site "Minsk BLR"]
[Date "2017.06.02"]
[Round "4.7"]
[White "Onischuk, Vladimir"]
[Black "Andreikin, Dmitry"]
[Result "1/2-1/2"]
[WhiteElo "2608"]
[BlackElo "2723"]
[EventDate "2017.05.30"]
[PlyCount "112"]

1.e4 c5 2.Nf3 d6 3.d4 cxd4 4.Nxd4 Nf6 5.Nc3 Nc6 6.g3 g6 7.Bg2 Bd7 8.Nde2 
Bg7 9.h3 Qc8 10.g4 Rb8 11.f4 O-O 12.a4 Ne8 13.O-O Nc7 14.f5 Qd8 15.Bg5 Be5
16.Kh1 a5 17.Qd2 Nb4 18.Nf4 Bc6 19.Bh6 Qd7 20.Rf2 Rfd8 21.Nd3 f6 22.g5 
Nxd3 23.Qxd3 b5 24.Nd5 Bxd5 25.exd5 Kf7 26.Be4 Rg8 27.Rg2 bxa4 28.gxf6 
exf6 29.fxg6+ hxg6 30.Bxg6+ Ke7 31.Bf5 Qb5 32.c4 Qb3 33.Qxb3 axb3 34.Rxa5 
Rxg2 35.Kxg2 Bxb2 36.Ra7 Kd8 37.Be3 Be5 38.Bd2 Bd4 39.Ra3 b2 40.Bb1 Na8 
41.Rg3 f5 42.c5 Ke7 43.Bg5+ Kf7 44.cxd6 Nb6 45.Rb3 Be5 46.Bxf5 Bxd6 47.
Rxb2 Nxd5 48.Rd2 Rg8 49.Rxd5 Rxg5+ 50.Kf3 Kf6 51.Ke4 Ke7 52.Rb5 Rg1 53.Bg4
Re1+ 54.Kf5 Re5+ 55.Rxe5+ Bxe5 56.Kxe5 Kf7 1/2-1/2

[Event "14th EUR-ch"]
[Site "Minsk BLR"]
[Date "2017.06.02"]
[Round "4.8"]
[White "Naiditsch, Arkadij"]
[Black "Bogdanovich, Stanislav"]
[Result "1-0"]
[WhiteElo "2700"]
[BlackElo "2596"]
[EventDate "2017.05.30"]
[PlyCount "117"]

1.e4 c5 2.Nf3 Nc6 3.Bb5 e6 4.O-O Nge7 5.Re1 a6 6.Bf1 d5 7.exd5 Nxd5 8.d4 
Nf6 9.Be3 Be7 10.c4 cxd4 11.Nxd4 Bd7 12.Nc3 O-O 13.Nf3 Rc8 14.Na4 Qa5 15.
a3 Nd4 16.Nxd4 Bxa4 17.Qf3 Qc7 18.b3 Bd7 19.b4 Rfd8 20.Rad1 Ba4 21.Rd2 Bd6
22.g3 Be5 23.c5 Rd7 24.Bc4 Rcd8 25.Nxe6 fxe6 26.Bxe6+ Kf8 27.Bxd7 Rxd7 28.
Qf5 Bc6 29.Bg5 Bc3 30.Bf4 Qxf4 31.gxf4 Bxd2 32.Re6 Rd5 33.Re5 Rd7 34.Re6 
Bc3 35.Rd6 Re7 36.Rxc6 bxc6 37.Qc8+ Ne8 38.Qxa6 Bb2 39.Qxc6 Bxa3 40.Qa4 
Bxb4 41.Qxb4 Kf7 42.Qc4+ Kf8 43.Kg2 Nf6 44.c6 Ne8 45.f5 Rf7 46.Qd5 Re7 47.
h4 Nf6 48.Qc4 Ne8 49.h5 Rf7 50.Qc5+ Kg8 51.h6 gxh6 52.Kh3 Rc7 53.Qd5+ Kf8 
54.Qe6 Re7 55.Qxh6+ Kg8 56.Qh4 Rc7 57.Qd8 Kf8 58.f6 Ra7 59.Qd7 1-0

[Event "14th EUR-ch"]
[Site "Minsk BLR"]
[Date "2017.06.02"]
[Round "4.9"]
[White "Bacrot, Etienne"]
[Black "Bok, Benjamin"]
[Result "1/2-1/2"]
[WhiteElo "2696"]
[BlackElo "2598"]
[EventDate "2017.05.30"]
[PlyCount "57"]

1.e4 e5 2.Nf3 Nc6 3.Bb5 Nf6 4.d3 Bc5 5.c3 O-O 6.Bg5 h6 7.Bh4 Be7 8.Bg3 d6 
9.O-O Bd7 10.Re1 Nh5 11.Nbd2 Nxg3 12.hxg3 Bf6 13.Nf1 g6 14.Ba4 h5 15.d4 
exd4 16.cxd4 Re8 17.Rc1 Rb8 18.a3 Re7 19.Bb3 Qf8 20.Ne3 Rxe4 21.Qd3 Rbe8 
22.Bd5 Bf5 23.Nxf5 Rxe1+ 24.Rxe1 Rxe1+ 25.Nxe1 gxf5 26.Qxf5 Qe7 27.Nd3 
Nxd4 28.Qxh5 c6 29.Qg4+ 1/2-1/2

[Event "14th EUR-ch"]
[Site "Minsk BLR"]
[Date "2017.06.02"]
[Round "4.10"]
[White "Artemiev, Vladislav"]
[Black "Jojua, Davit"]
[Result "0-1"]
[WhiteElo "2682"]
[BlackElo "2581"]
[EventDate "2017.05.30"]
[PlyCount "118"]

1.d4 d5 2.Bg5 h6 3.Bh4 c5 4.dxc5 g5 5.Bg3 Bg7 6.c3 Na6 7.Nf3 Nxc5 8.Nbd2 
Bf5 9.e3 Bd3 10.Nb3 Bxf1 11.Nxc5 Bxg2 12.Qa4+ Kf8 13.Nd7+ Ke8 14.Nfe5 Bxe5
15.Nxe5+ Kf8 16.Rg1 Bh3 17.O-O-O Nf6 18.f3 Qb6 19.Rge1 Kg7 20.Rd4 a5 21.
Nd3 Rhc8 22.Be5 Qe6 23.Qb5 Qc6 24.Qb3 b5 25.Rg1 Kf8 26.f4 Ne4 27.fxg5 hxg5
28.Qd1 f6 29.Qh5 Bf5 30.Rf1 Qe6 31.h4 Kg7 32.Rxe4 dxe4 33.Qxg5+ Kf7 34.
Rxf5 exd3 35.Qh5+ Kf8 36.Bf4 Qf7 37.Qg4 Qxa2 38.Bh6+ Ke8 39.Rxb5 Rxc3+ 40.
Kd2 Rc2+ 41.Kxd3 Rc7 42.Qg6+ Kd8 43.Ke2 Qc4+ 44.Qd3+ Ke8 45.h5 Kf7 46.Bf4 
Qxd3+ 47.Kxd3 Rd8+ 48.Ke2 e5 49.Bg3 Rh8 50.Rxa5 Rb7 51.Ra2 Rxh5 52.Be1 
Rh2+ 53.Bf2 Kg6 54.Kf3 Rh1 55.Bg3 Rb1 56.Ra6 Kg5 57.Ra8 R1xb2 58.Rg8+ Kf5 
59.e4+ Ke6 0-1

[Event "14th EUR-ch"]
[Site "Minsk BLR"]
[Date "2017.06.02"]
[Round "4.11"]
[White "Buhmann, Rainer"]
[Black "Areschenko, Alexander"]
[Result "1/2-1/2"]
[WhiteElo "2596"]
[BlackElo "2677"]
[EventDate "2017.05.30"]
[PlyCount "59"]

1.d4 Nf6 2.c4 g6 3.Nc3 d5 4.cxd5 Nxd5 5.e4 Nxc3 6.bxc3 Bg7 7.Nf3 c5 8.Bb5+
Nc6 9.d5 Qa5 10.Rb1 a6 11.Ba4 b5 12.dxc6 bxa4 13.O-O O-O 14.Bf4 Be6 15.c7 
Rac8 16.Rb8 Bxa2 17.Qd7 Be6 18.Qxe7 h6 19.Rxc8 Bxc8 20.Ne5 a3 21.Nd7 a2 
22.Nf6+ Kh8 23.Be5 a1=Q 24.Nh5 Bxe5 25.Qxf8+ Kh7 26.Qxf7+ Kh8 27.Qe8+ Kh7 
28.Qe7+ Kg8 29.Qe8+ Kh7 30.Qe7+ 1/2-1/2

[Event "14th EUR-ch"]
[Site "Minsk BLR"]
[Date "2017.06.02"]
[Round "4.13"]
[White "Pantsulaia, Levan"]
[Black "Riazantsev, Alexander"]
[Result "0-1"]
[WhiteElo "2594"]
[BlackElo "2659"]
[EventDate "2017.05.30"]
[PlyCount "72"]

1.c4 e6 2.Nf3 d5 3.b3 Nf6 4.g3 Be7 5.Bg2 O-O 6.O-O b6 7.cxd5 Nxd5 8.e4 Nf6
9.Nc3 Bb7 10.Re1 Nbd7 11.Bb2 c5 12.d4 cxd4 13.Nxd4 Bc5 14.Na4 Bb4 15.Bc3 
Be7 16.Qd2 a6 17.Rad1 Rc8 18.Bb2 Qc7 19.Rc1 Qb8 20.e5 Nd5 21.Nf5 Bb4 22.
Qg5 exf5 23.Qxf5 Bxe1 24.Rxe1 Nc5 25.Nxc5 Rxc5 26.Qg4 Ne7 27.e6 f6 28.Ba3 
Bxg2 29.Bxc5 bxc5 30.Kxg2 Qb7+ 31.Kg1 Qb4 32.Re4 Qd2 33.Ra4 f5 34.Qc4 f4 
35.gxf4 Rf6 36.Kg2 Qd1 0-1

[Event "14th EUR-ch"]
[Site "Minsk BLR"]
[Date "2017.06.02"]
[Round "4.14"]
[White "Gabuzyan, Hovhannes"]
[Black "Kovalenko, Igor"]
[Result "1/2-1/2"]
[WhiteElo "2570"]
[BlackElo "2657"]
[EventDate "2017.05.30"]
[PlyCount "116"]

1.Nf3 d5 2.g3 g6 3.Bg2 Bg7 4.d4 Nf6 5.O-O O-O 6.Nbd2 c6 7.Re1 Bf5 8.c3 Qc8
9.b3 Re8 10.c4 Nbd7 11.Bb2 b5 12.Nh4 Bg4 13.h3 Be6 14.c5 a5 15.Qc2 Nf8 16.
Kh2 g5 17.Nhf3 Bf5 18.Qc1 g4 19.hxg4 Nxg4+ 20.Kg1 Bh6 21.Qd1 Nf6 22.Ne5 
Ng6 23.e4 Bh3 24.exd5 Bxg2 25.Kxg2 Nxd5 26.Rh1 Bg7 27.Qf3 f6 28.Nd3 a4 29.
Rae1 axb3 30.axb3 Ra2 31.Bc1 Qd7 32.Qh5 Nf8 33.Ne4 Rd8 34.Bh6 Bxh6 35.Qxh6
Qf5 36.Rh4 Qg6 37.Qc1 Ne6 38.Qd1 Qf5 39.Rh5 Qg6 40.Rh4 Kh8 41.Nd6 Ng5 42.
Ne4 Rg8 43.Qh5 Qxh5 44.Rxh5 Nf7 45.Rxd5 cxd5 46.Nb4 Rb2 47.Nxd5 Rd8 48.
Nxe7 Rxd4 49.c6 Rc2 50.Nxf6 Nd6 51.Rh1 Kg7 52.Ne8+ Kf7 53.Nxd6+ Rxd6 54.
Rxh7+ Ke6 55.g4 Rdd2 56.Kg3 Rxf2 57.c7 Rg2+ 58.Kf3 Rgf2+ 1/2-1/2

[Event "14th EUR-ch"]
[Site "Minsk BLR"]
[Date "2017.06.02"]
[Round "4.15"]
[White "Berkes, Ferenc"]
[Black "Antipov, Mikhail"]
[Result "1/2-1/2"]
[WhiteElo "2654"]
[BlackElo "2576"]
[EventDate "2017.05.30"]
[PlyCount "117"]

1.Nf3 Nf6 2.g3 d5 3.Bg2 e6 4.O-O Be7 5.d3 O-O 6.Nbd2 c5 7.e4 dxe4 8.dxe4 
Nc6 9.Re1 b6 10.e5 Nd7 11.Ne4 Re8 12.Bg5 Qc7 13.Nd6 Bxd6 14.exd6 Qb8 15.
Bf4 Bb7 16.c3 Nd8 17.Qd3 f6 18.Rad1 Bc6 19.b4 a6 20.a4 Bxa4 21.Rb1 Bc6 22.
Bh3 Qc8 23.Nh4 Nf8 24.bxc5 bxc5 25.Be3 g5 26.Ng2 Nf7 27.f4 f5 28.fxg5 Ne5 
29.Qe2 Nf3+ 30.Kf2 Nxe1 31.Rxe1 Ng6 32.Nf4 Nxf4 33.Bxf4 Qd7 34.Be5 Rab8 
35.Bf1 Rb6 36.Qe3 Rb2+ 37.Re2 Rb1 38.c4 Reb8 39.Bg2 Bxg2 40.Kxg2 Qc6+ 41.
Kh3 R8b3 42.Qf4 Qe8 43.Qh4 Rb7 44.g6 Qxg6 45.Qd8+ Kf7 46.Kg2 Qg8 47.Qf6+ 
Ke8 48.Bd4 Kd7 49.Bxc5 Rc1 50.Rb2 Qc8 51.Ba3 Rxb2+ 52.Qxb2 Rxc4 53.Kh3 Rc2
54.Qg7+ Kc6 55.Qd4 Kd7 56.Qg7+ Kc6 57.Qd4 Kd7 58.Qa7+ Kc6 59.Qd4 1/2-1/2

[Event "14th EUR-ch"]
[Site "Minsk BLR"]
[Date "2017.06.02"]
[Round "4.16"]
[White "Siugirov, Sanan"]
[Black "Abasov, Nijat"]
[Result "1/2-1/2"]
[WhiteElo "2654"]
[BlackElo "2575"]
[EventDate "2017.05.30"]
[PlyCount "161"]

1.e4 e5 2.Nf3 Nc6 3.Bb5 Nf6 4.d3 Bc5 5.Bxc6 dxc6 6.h3 Be6 7.Qe2 Nd7 8.Ng5 
Qe7 9.Nxe6 Qxe6 10.Nd2 a5 11.a4 O-O 12.O-O Rfd8 13.Nc4 Nf8 14.Bd2 b6 15.
Kh2 Rd7 16.f4 exf4 17.Bxf4 Ng6 18.Bg3 Re8 19.Qh5 Bd4 20.Rf5 Nf8 21.Be5 g6 
22.Qh6 f6 23.Bxd4 gxf5 24.Bxf6 fxe4 25.Re1 Qd5 26.Nd2 Qd6+ 27.Kg1 Rf7 28.
Qg5+ Ng6 29.Bc3 Qf4 30.Qxf4 Nxf4 31.Nxe4 Re6 32.Bd2 Nd5 33.Bg5 c5 34.Re2 
h6 35.Bh4 c4 36.dxc4 Nf4 37.Re3 Ng6 38.Bf2 Rfe7 39.Rg3 Rxe4 40.Rxg6+ Kh7 
41.Rc6 Re2 42.Bg3 Rxc2 43.Bxc7 Ree2 44.Rxb6 Rxc4 45.Bg3 Rb4 46.Bc7 Rc4 47.
Bg3 Rcc2 48.Kf1 Rxg2 49.Be1 Rh2 50.Kg1 Rhe2 51.Kf1 Rh2 52.Kg1 Rcg2+ 53.Kf1
Rg5 54.Rb7+ Kg6 55.Rb6+ Kh7 56.Rb7+ Kg6 57.Rb6+ Kh5 58.Bc3 Rxh3 59.Ra6 
Rf3+ 60.Ke2 Rf4 61.Bd2 Rxa4 62.Bxg5 hxg5 63.Kf3 Rf4+ 64.Kg3 Rf5 65.Rb6 Rd5
66.b4 Rd3+ 67.Kf2 a4 68.Ra6 a3 69.b5 Kh4 70.b6 g4 71.b7 g3+ 72.Kg2 Rd2+ 
73.Kg1 Rb2 74.Rxa3 Kh3 75.Ra1 Rxb7 76.Rd1 Rb3 77.Rc1 g2 78.Rd1 Rf3 79.Rc1 
Rf1+ 80.Rxf1 gxf1=Q+ 81.Kxf1 1/2-1/2

[Event "14th EUR-ch"]
[Site "Minsk BLR"]
[Date "2017.06.02"]
[Round "4.17"]
[White "Khismatullin, Denis"]
[Black "Palac, Mladen"]
[Result "1-0"]
[WhiteElo "2651"]
[BlackElo "2573"]
[EventDate "2017.05.30"]
[PlyCount "81"]

1.c4 e5 2.Nc3 Nf6 3.Nf3 Nc6 4.g3 Bb4 5.Nd5 Bc5 6.Bg2 O-O 7.O-O d6 8.e3 a6 
9.b3 Nxd5 10.cxd5 Ne7 11.d4 Bb4 12.e4 Bg4 13.Qd3 f6 14.Be3 Rf7 15.a3 Ba5 
16.Nd2 c6 17.dxe5 dxe5 18.Nc4 Bc7 19.Bc5 Nc8 20.h3 Bd7 21.Rad1 Qe8 22.f4 
b6 23.fxe5 bxc5 24.e6 Bxe6 25.dxe6 Qxe6 26.e5 Ne7 27.exf6 Rxf6 28.Rfe1 Qf7
29.Qd7 Nf5 30.Qxf7+ Rxf7 31.Bxc6 Raf8 32.Bd5 Bxg3 33.Re4 g6 34.Ne5 Bxe5 
35.Rxe5 Rb8 36.Rd3 a5 37.Bxf7+ Kxf7 38.Rxc5 a4 39.bxa4 Rb1+ 40.Kf2 Rb2+ 
41.Ke1 1-0

[Event "14th EUR-ch"]
[Site "Minsk BLR"]
[Date "2017.06.02"]
[Round "4.18"]
[White "Mastrovasilis, Dimitrios"]
[Black "Volokitin, Andrei"]
[Result "1-0"]
[WhiteElo "2580"]
[BlackElo "2649"]
[EventDate "2017.05.30"]
[PlyCount "43"]

1.e4 c5 2.Nf3 d6 3.Bb5+ Nd7 4.d4 Nf6 5.e5 Qa5+ 6.Nc3 Ne4 7.Rb1 a6 8.Bxd7+ 
Bxd7 9.O-O Nxc3 10.bxc3 e6 11.d5 Qxa2 12.Rb3 exd5 13.exd6 Be6 14.d7+ Bxd7 
15.Re1+ Be6 16.Qxd5 Be7 17.Qxb7 Rd8 18.Ng5 Bxg5 19.Qc6+ Rd7 20.Rxe6+ fxe6 
21.Qxe6+ Kd8 22.Rb8+ 1-0

[Event "14th EUR-ch"]
[Site "Minsk BLR"]
[Date "2017.06.02"]
[Round "4.19"]
[White "Sutovsky, Emil"]
[Black "Paichadze, Luka"]
[Result "0-1"]
[WhiteElo "2646"]
[BlackElo "2568"]
[EventDate "2017.05.30"]
[PlyCount "78"]

1.e4 c6 2.Nc3 d5 3.Nf3 dxe4 4.Nxe4 Nf6 5.Qe2 Bg4 6.h3 Bxf3 7.Nxf6+ gxf6 8.
Qxf3 e6 9.b3 Bd6 10.Bb2 Be5 11.c3 Nd7 12.d4 Bd6 13.Bd3 Qe7 14.a4 O-O-O 15.
b4 f5 16.O-O Rhg8 17.Rfe1 Rg6 18.b5 c5 19.a5 Rdg8 20.Bf1 Bb8 21.Kh1 Nf6 
22.a6 Ne4 23.axb7+ Qxb7 24.Ra6 Ng3+ 25.Qxg3 Bxg3 26.fxg3 e5 27.Ba3 cxd4 
28.cxd4 Rxa6 29.bxa6 Qb3 30.Bd6 exd4 31.Re7 d3 32.Rxa7 Qb1 33.Rc7+ Kd8 34.
a7 Qxf1+ 35.Kh2 Qa1 36.Be5 Qa6 37.Rxf7 d2 38.Bd4 d1=Q 39.Bb6+ Ke8 0-1

[Event "14th EUR-ch"]
[Site "Minsk BLR"]
[Date "2017.06.02"]
[Round "4.21"]
[White "Shevchenko, Kirill"]
[Black "Shimanov, Aleksandr"]
[Result "0-1"]
[WhiteElo "2491"]
[BlackElo "2642"]
[EventDate "2017.05.30"]
[PlyCount "80"]

1.e4 c6 2.d4 d5 3.e5 Bf5 4.Nf3 e6 5.Be2 c5 6.O-O Nc6 7.c3 Bg6 8.a3 cxd4 9.
cxd4 Nge7 10.Nc3 Nc8 11.Be3 Nb6 12.Rc1 Be7 13.b4 O-O 14.Ne1 a5 15.b5 Nb8 
16.Qb3 a4 17.Qa2 N8d7 18.Nc2 Nc4 19.Bxc4 dxc4 20.Qb2 f6 21.Rfd1 Qe8 22.
exf6 Nxf6 23.Nb4 Ng4 24.Qe2 Nxe3 25.Qxe3 Bd6 26.g3 Bh5 27.Re1 Rf3 28.Qe4 
Qf7 29.d5 Bc5 30.Nd1 Rxf2 31.Ne3 Qf3 32.Qxf3 Rxf3 33.Nc2 Bg6 34.Kg2 Be4 
35.Kh3 exd5 36.Rcd1 c3 37.Re2 Re8 38.Rde1 Bd3 39.Rg2 Bxe3 40.Kg4 Bxc2 0-1

[Event "14th EUR-ch"]
[Site "Minsk BLR"]
[Date "2017.06.02"]
[Round "4.22"]
[White "Lenic, Luka"]
[Black "Sviridov, Valery"]
[Result "1/2-1/2"]
[WhiteElo "2641"]
[BlackElo "2504"]
[EventDate "2017.05.30"]
[PlyCount "96"]

1.Nf3 Nf6 2.c4 g6 3.Nc3 d5 4.cxd5 Nxd5 5.Qb3 Nb6 6.d4 Bg7 7.e4 O-O 8.Be3 
Bg4 9.Rd1 Nc6 10.d5 Ne5 11.Be2 Nxf3+ 12.gxf3 Bh5 13.Rg1 Qc8 14.Rg3 c6 15.
a4 Be5 16.a5 Nd7 17.Kf1 Nf6 18.dxc6 bxc6 19.Qc4 Qc7 20.b4 Rfd8 21.Rxd8+ 
Rxd8 22.Na4 Nd7 23.Qa6 Rb8 24.Qxa7 Rxb4 25.Qa8+ Rb8 26.Qa6 c5 27.Bd2 c4 
28.Bc3 Bxc3 29.Nxc3 Ne5 30.Kg2 Qc5 31.Rg5 h6 32.Rxh5 gxh5 33.Qxh6 Ng6 34.
a6 Qd6 35.Qg5 Qxa6 36.Nd5 Qe6 37.Bxc4 Qe5 38.Nxe7+ Kh7 39.Qxe5 Nxe5 40.Be2
Rb2 41.Kf1 Ng6 42.Nxg6 Kxg6 43.f4 h4 44.Bg4 Rb4 45.Bf5+ Kf6 46.Kg2 Rb3 47.
f3 Ke7 48.Bg4 f6 1/2-1/2

[Event "14th EUR-ch"]
[Site "Minsk BLR"]
[Date "2017.06.02"]
[Round "4.23"]
[White "Lupulescu, Constantin"]
[Black "Dastan, Muhammed Batuhan"]
[Result "1/2-1/2"]
[WhiteElo "2631"]
[BlackElo "2519"]
[EventDate "2017.05.30"]
[PlyCount "117"]

1.e4 c5 2.Nf3 d6 3.Bb5+ Nc6 4.O-O Bd7 5.Re1 Nf6 6.c3 a6 7.Bf1 Bg4 8.h3 Bh5
9.g4 Bg6 10.d4 e5 11.d5 Nb8 12.Nbd2 h6 13.a4 Be7 14.Nh4 O-O 15.Nf5 Nh7 16.
Nxe7+ Qxe7 17.Nc4 Nd7 18.a5 Rfd8 19.Bg2 Nhf8 20.Qf3 Bh7 21.h4 Ng6 22.h5 
Nh4 23.Qg3 Nxg2 24.Qxg2 f6 25.Re3 Rac8 26.Rg3 Kh8 27.Bd2 Rc7 28.f3 Rb8 29.
Be3 Bg8 30.Ra3 Bh7 31.Rb3 Re8 32.Qd2 Qf8 33.Rg2 Rb8 34.Bf2 Qe7 35.Bg3 Rcc8
36.Qe3 Rd8 37.Re2 Re8 38.Kh2 Kg8 39.Kh3 Red8 40.Qd3 Kh8 41.Kg2 Kg8 42.Bf2 
Re8 43.Ra3 Rec8 44.b4 cxb4 45.cxb4 Rc7 46.Rc3 g6 47.hxg6 Bxg6 48.Bb6 Nxb6 
49.axb6 Rd7 50.Kf1 Qd8 51.Qe3 Rh7 52.Na5 Be8 53.Rec2 Ba4 54.Rc1 h5 55.Rc7 
Bd7 56.gxh5 f5 57.Ke2 fxe4 58.Qxe4 Rg7 59.Kd2 1/2-1/2

[Event "14th EUR-ch"]
[Site "Minsk BLR"]
[Date "2017.06.02"]
[Round "4.24"]
[White "Demchenko, Anton"]
[Black "Theodorou, Nikolas"]
[Result "1-0"]
[WhiteElo "2629"]
[BlackElo "2495"]
[EventDate "2017.05.30"]
[PlyCount "119"]

1.e4 c5 2.Nf3 d6 3.Bb5+ Nd7 4.d4 cxd4 5.Qxd4 e5 6.Qd3 h6 7.Nc3 Nf6 8.Be3 
Be7 9.O-O O-O 10.Bc4 a6 11.a4 Qc7 12.Nh4 Nc5 13.Bxc5 Qxc5 14.Ng6 Re8 15.
Nxe7+ Rxe7 16.Rfd1 Be6 17.Bxe6 Rxe6 18.Ra3 Rd8 19.Rb3 Re7 20.h3 Red7 21.
Qe2 Rc8 22.Rd2 Rcc7 23.Qf3 Qa5 24.Qf5 Rc4 25.Rd3 Qd8 26.Qf3 Qa5 27.Qe3 Qc5
28.Qxc5 Rxc5 29.f3 Kf8 30.Kf2 Ke7 31.Rb6 Rc6 32.Rxc6 bxc6 33.Na2 Rb7 34.b4
Nd7 35.Rb3 Nb6 36.a5 Nc4 37.Ke2 d5 38.Nc3 Kd6 39.Kd3 g6 40.exd5 cxd5 41.b5
Nxa5 42.Ra3 Nc4 43.bxa6 Rb8 44.Rb3 Ra8 45.Rb5 Kc6 46.Nxd5 Kxb5 47.Nc7+ Kc6
48.Nxa8 Nd6 49.c4 f5 50.h4 Nc8 51.Kc3 Nd6 52.Kd3 Nc8 53.Kc2 Nd6 54.Kc3 g5 
55.h5 g4 56.fxg4 fxg4 57.Kd3 g3 58.Nb6 e4+ 59.Kd4 e3 60.a7 1-0

[Event "14th EUR-ch"]
[Site "Minsk BLR"]
[Date "2017.06.02"]
[Round "4.25"]
[White "Plat, Vojtech"]
[Black "Kovalev, Vladislav"]
[Result "1/2-1/2"]
[WhiteElo "2522"]
[BlackElo "2629"]
[EventDate "2017.05.30"]
[PlyCount "99"]

1.Nf3 Nf6 2.c4 g6 3.Nc3 Bg7 4.g3 O-O 5.Bg2 d6 6.d4 Nbd7 7.O-O e5 8.dxe5 
dxe5 9.Be3 c6 10.h3 Qe7 11.Qd2 Nc5 12.Bh6 Nfe4 13.Nxe4 Nxe4 14.Qe3 Bxh6 
15.Qxh6 Qc5 16.Qh4 Bf5 17.b4 Qxb4 18.Nxe5 Nc3 19.e4 Be6 20.Qf6 Rae8 21.Kh2
Bc8 22.Rac1 Nxa2 23.Nd3 Qb6 24.Ra1 Re6 25.Qf3 Nb4 26.Rfb1 a5 27.c5 Qc7 28.
Nxb4 axb4 29.Rxb4 f5 30.Qb3 f4 31.Ra7 fxg3+ 32.fxg3 Qf7 33.h4 Re5 34.Qxf7+
Rxf7 35.Bh3 Bxh3 36.Kxh3 Ree7 37.g4 Rd7 38.Rb3 Rfe7 39.Kg3 Kf7 40.e5 Ke6 
41.Kf4 h6 42.Ke4 Rd5 43.Rbxb7 Rxb7 44.Rxb7 Rxc5 45.Rg7 Rxe5+ 46.Kf4 g5+ 
47.hxg5 hxg5+ 48.Rxg5 Rxg5 49.Kxg5 c5 50.Kf4 1/2-1/2

[Event "14th EUR-ch"]
[Site "Minsk BLR"]
[Date "2017.06.02"]
[Round "4.26"]
[White "Santos Ruiz, Miguel"]
[Black "Kozul, Zdenko"]
[Result "0-1"]
[WhiteElo "2473"]
[BlackElo "2617"]
[EventDate "2017.05.30"]
[PlyCount "54"]

1.e4 c5 2.Nf3 Nc6 3.Bb5 d6 4.O-O Bd7 5.c3 a6 6.Ba4 Nf6 7.d4 b5 8.Bc2 cxd4 
9.cxd4 Bg4 10.Be3 e6 11.Nbd2 d5 12.e5 Nd7 13.Qb1 Bh5 14.Rc1 Ne7 15.Bxh7 g6
16.Ng5 Nf5 17.g4 Nxe3 18.Nxe6 Qh4 19.Nc7+ Kd8 20.fxe3 Bxg4 21.Nxa8 Rxh7 
22.Nf1 Qg5 23.Kf2 Rh3 24.Qc2 Rf3+ 25.Ke2 Rxf1+ 26.Kxf1 Bh3+ 27.Ke2 Qg2+ 
0-1